| 000 -LEADER |
| fixed length control field |
00629nam a22001937a 4500 |
| 020 ## - INTERNATIONAL STANDARD BOOK NUMBER |
| ISBN |
9786210800036 |
| 082 ## - DEWEY DECIMAL CLASSIFICATION NUMBER |
| Classification number |
793.3 |
| Item number |
D6711 2023 |
| 100 ## - MAIN ENTRY--AUTHOR NAME |
| Personal name |
Domingo, John Paul R., author. |
| 245 ## - TITLE STATEMENT |
| Title |
Physical education 2 : beginner’s dance book / John Paul R. Domingo [and nine others]. |
| 250 ## - EDITION STATEMENT |
| Edition statement |
Revised edition. |
| 260 ## - PUBLICATION, DISTRIBUTION, ETC. (IMPRINT) |
| Place of publication |
Malabon City : |
| Name of publisher |
Mutya Publishing House, Inc., |
| Year of publication |
©2023. |
| 300 ## - PHYSICAL DESCRIPTION |
| Number of Pages |
191 pages : |
| Other physical details |
illustrations ; 26 cm. |
| 500 ## - GENERAL NOTE |
| General note |
Includes bibliographical references. |
| 650 ## - SUBJECT ADDED ENTRY--TOPICAL TERM |
| Topical Term |
Dance. |
| 650 ## - SUBJECT ADDED ENTRY--TOPICAL TERM |
| Topical Term |
Dance -- Study and teaching. |
| 650 ## - SUBJECT ADDED ENTRY--TOPICAL TERM |
| Topical Term |
Folk dancing. |
| 650 ## - SUBJECT ADDED ENTRY--TOPICAL TERM |
| Topical Term |
Social dancing. |
| 942 ## - ADDED ENTRY ELEMENTS (KOHA) |
| Koha item type |
Books |